जमशेटजी टाटा यांचे भारत प्रेम (Record no. 834460)

MARC details
000 -LEADER
fixed length control field 00874nam a2200205Ia 4500
008 - FIXED-LENGTH DATA ELEMENTS--GENERAL INFORMATION
fixed length control field 110201s9999 xx 000 0 und d
082 ## - DEWEY DECIMAL CLASSIFICATION NUMBER
Item number B9003
Classification number S 1669
100 ## - MAIN ENTRY--PERSONAL NAME
Personal name लाला आर एम
100 ## - MAIN ENTRY--PERSONAL NAME
Personal name सहस्त्रबुद्धे शिरीष
245 ## - TITLE STATEMENT
Title जमशेटजी टाटा यांचे भारत प्रेम
260 ## - PUBLICATION, DISTRIBUTION, ETC. (IMPRINT)
Name of publisher, distributor, etc उत्कर्ष प्रकाशन
365 ## - TRADE PRICE
Price amount 200
600 ## - SUBJECT ADDED ENTRY--PERSONAL NAME
Personal name लाला आर एम
600 ## - SUBJECT ADDED ENTRY--PERSONAL NAME
Personal name सहस्त्रबुद्धे शिरीष
630 ## - SUBJECT ADDED ENTRY--UNIFORM TITLE
Uniform title जमशेटजी टाटा यांचे भारत प्रेम
700 ## - ADDED ENTRY--PERSONAL NAME
Personal name लाला आर एम
700 ## - ADDED ENTRY--PERSONAL NAME
Personal name सहस्त्रबुद्धे शिरीष
730 ## - ADDED ENTRY--UNIFORM TITLE
Uniform title जमशेटजी टाटा यांचे भारत प्रेम
942 ## - ADDED ENTRY ELEMENTS (KOHA)
Koha item type Book
Holdings
Withdrawn status Lost status Damaged status Not for loan Home library Current library Date acquired Cost, normal purchase price Total Checkouts Barcode Date last seen Cost, replacement price Price effective from Koha item type
        Prof.Manikrao Kirtane Vachanalaya, Vashi, Navi Mumbai Prof.Manikrao Kirtane Vachanalaya, Vashi, Navi Mumbai 02/01/2011 200.00   PMKV-B9003 02/01/2011 200.00 02/01/2011 Book